[Event "Carignano Mo Memorial 5th"]
[Site "Carignano"]
[Date "2010.05.07"]
[Round "1"]
[White "Biancotti, Alessandro"]
[Black "Bergoglio, Giuseppe"]
[Result "1-0"]
[WhiteElo "1886"]
[BlackElo "1475"]
[PlyCount "23"]
[EventDate "2010.05.07"]
[EventType "swiss"]
[EventRounds "5"]
[EventCountry "ITA"]
[SourceTitle "EXT 2024"]
[Source "ChessBase"]
[SourceDate "2023.10.10"]
[SourceVersion "1"]
[SourceVersionDate "2023.10.10"]
[SourceQuality "1"]

1. e4 e5 2. Nf3 d6 3. d4 Nf6 4. dxe5 Nxe4 5. Bc4 Be7 6. Qd5 Be6 7. Qxb7 Bxc4 8. Qxa8 d5 9. b3 Ba6 10. c4 Nc3 11. Nxc3 Bb4 12. Bd2 1-0